000 00296nam a22001457a 4500
008 210303b ||||| |||| 00| 0 eng d
020 _a9780030305047
041 _aeng
080 _a591
082 _a591
100 _a7
101 _aZOO
245 _aZoology
_cDorit, R.L
942 _2udc
_cBK
999 _c55565
_d55565